|
|
|
|
| LEADER |
00000nab a2200000 a 4500 |
| 001 |
vtls000489873 |
| 003 |
SK-MaSNL |
| 005 |
20260304001255.0 |
| 008 |
230302c1993 xo 0 slo |
| 015 |
|
|
|a SNBRB19rr/mm-uuuuu
|
| 035 |
|
|
|a CL0490011
|
| 035 |
|
|
|a urn:nbn:sk:snk-abeop2
|
| 035 |
|
|
|a (urnnbn)urn:nbn:sk:snk:ar-000g8n
|
| 035 |
|
|
|a (uuid)316f7adb-14bc-449c-a8ea-95254e67ee79
|
| 040 |
|
|
|a SNKBUCL
|b slo
|c SNKBUCL
|e AACR2
|
| 041 |
0 |
|
|a slo
|
| 044 |
|
|
|a xo
|c SK
|
| 080 |
|
|
|a 881-34
|2 1981
|
| 080 |
|
|
|a 885.4-34
|2 1981
|
| 100 |
1 |
|
|a Hudec, Ivan,
|d 1947-2022
|4 aut
|9 86574
|
| 245 |
1 |
0 |
|a Praboh Svarog
|b Z mýtov a bájí starých Slovanov
|c Ivan Hudec
|
| 500 |
|
|
|a Ďalšie mýty a báje: Svarožič, boh Slnka a ohňa - najvyšší boh Slovanov. O hlavných bohoch - ako vyzerajú. Ako vznikol náš svet
|
| 650 |
0 |
7 |
|a Slovania
|2 snkbucl
|9 18587
|
| 650 |
0 |
7 |
|a mýty a legendy
|2 snkbucl
|9 49844
|
| 650 |
0 |
7 |
|a báje
|2 snkbucl
|9 392978
|
| 655 |
|
7 |
|a slovenské prózy
|2 snkbucl
|9 70229
|
| 655 |
|
7 |
|a články z odboru literárna veda a krásna literatúra
|2 snkbucl
|9 770045
|
| 655 |
|
7 |
|a články z novín a časopisov
|2 snkbucl
|9 267496
|
| 773 |
0 |
|
|t Slovenské pohľady
|g Č. 4 (1993), s. 64-72
|
| 850 |
|
|
|a Slovenská národná knižnica v Martine
|a MTA001
|
| 852 |
|
|
|a SNK
|b KIS3GCP
|
| 958 |
|
|
|a RK
|
| 958 |
|
|
|a LX
|
| 958 |
|
|
|a OND
|
| 958 |
|
|
|a EUIPO
|
| 958 |
|
|
|a article27
|
| 992 |
|
|
|a RBX
|
| 999 |
|
|
|c 2535813
|d 2537743
|